5 in 15: Justice League Members Quiz Stats

 Plays Quiz Updated Aug 6, 2019

Score 0/5 Timer 00:15
12 Plays Today
% Correct
✓Correct founder.
98.5%
✓Correct Smallville Character.
91.4%
✓Correct alliterative member.
88.5%
✓Correct colour name.
75.1%
✓Correct Birds of Prey member.
33.1%

You're not logged in!

Compare scores with friends on all Sporcle quizzes.
OR
Log In

Sporcle TV

Today on Sporcle TV


Watch our educational content, quiz creation guides, and fun videos on Sporcle TV.

Show Comments

Extras

Top Quizzes Today


Score Distribution

Your Account Isn't Verified!

In order to create a playlist on Sporcle, you need to verify the email address you used during registration. Go to your Sporcle Settings to finish the process.

Report this User

Report this user for behavior that violates our Community Guidelines.

Details: